Eintracht Frankfurt Starting Squad 2023/24 - Statistics

General Stats
  • This quiz has been taken 27 times
    24 since last reset
  • The average score is 25 of 48
Answer Stats
Position, Nationality and Number Player % Correct
GKGermany 1 Kevin Trapp
100%
CB Ecuador 3 Willian Pacho
94%
LWEgypt 7 Omar Marmoush
89%
CBGermany
4 (loaned out from)
Robin Koch
89%
CMTunisia 15 Ellyes Skhiri
83%
LMAlgeria 8 Farès Chaïbi
83%
CB Croatia 5 Hrvoje Smolčić
83%
CMSweden 16 Hugo Larsson
83%
CBJapan 20 Makoto Hasebe
78%
CAMGermany 27 Mario Götze
78%
CAMUnited States 30 Paxten Aaronson
78%
RB (or LB)Portugal/Angola 24 Aurélio Buta
72%
CMFrance 26 Éric Dina Ebimbe
72%
GKGermany 33 Jens Grahl
72%
STColombia 19 (on loan to) Rafael Santos Borré
72%
CDM (or RM)United States 22 Timothy Chandler
72%
CBBrazil 35 Tuta
72%
Head Coach/ManagerGermany Dino Toppmöller
67%
LM (or LW)Norway 23 Jens Petter Hauge
67%
CDM Croatia 6 Kristijan Jakić
67%
RB (or LB)France 29 Niels Nkounkou
67%
RM (or RW)Germany 36 Ansgar Knauff
61%
STArgentina 21 Lucas Alario
61%
CMGermany 17 Sebastian Rode
61%
STGermany 18 Jessic Ngankam
56%
LB (or RB)Germany 31 Philipp Max
56%
GKAlbania 41 Simon Simoni
50%
CB Germany 47 Elias Baum
44%
STCroatia 9 (on loan to) Igor Matanović
44%
GKBrazil 40 Kauã Santos
44%
ST Spain48 Nacho Ferri
44%
CMCyprus 24 (on loan to) Antonio Foti
33%
Goalkeeping CoachGermany Jan Zimmerman
33%
CAMHungary (not confirmed) (has not signed yet) Krisztián Lisztes
33%
STGermany 43 Noel Futkeu
33%
CBCameroon ? (on loan to) Jérôme Onguéné
28%
CBGermany 46 Dario Gebuhr
22%
CBEcuador 44 Davis Bautista
22%
CBGermany 34/? Nnamdi Collins
22%
GKGermany 42 Luke Gauer
11%
CMGermany 28 Marcel Wenig
11%
CMGermany 45 Mehdi Loune
11%
CMGermany 37 Sidney Raebiger
11%
Assistant CoachGermany Erwin Bradasch
6%
LW (or LM)Germany 40 (on loan to) Faride Alidou
6%
CMGermany 49 Harpreet Ghotra
6%
Assistant CoachPortugal Nélson Morgado
6%
First-Team CoachGermany Stefan Buck
6%
No matching quizzes found
Score Distribution
Percent of People with Each Score
Percentile by Number Answered
Your Score History
You have not taken this quiz since the last reset